| 000 | 00598nam a22001937a 4500 | ||
|---|---|---|---|
| 003 | OSt | ||
| 005 | 20140310181734.0 | ||
| 008 | 130319t xxu||||| |||| 00| 0 eng d | ||
| 020 | _a0851113230 | ||
| 050 |
_aBR 127 _b.A62 1984 |
||
| 082 |
_aBR 127 _b.A62 1984 |
||
| 245 |
_aChristianity and world religions : the challenge of pluralism _c Anderson, J. N. D. (James Norman Dalrymple)Sir |
||
| 260 |
_a Leicester, England ; Downers Grove, Ill., U.S.A. _bInter-Varsity Press _c1984 |
||
| 300 |
_a216 p. _c21 cm. |
||
| 521 | _aTeachers | ||
| 541 | _j1 | ||
| 562 | _e1 | ||
| 942 |
_2lcc _cBK-TR _kTR |
||
| 999 |
_c2525 _d2525 |
||